Sigma cell culture : 1995 catalogue & price list

Uloženo v:
Podrobná bibliografie
Médium: Kniha
Jazyk:Undetermined
Vydáno: Belgium Sigma Chemie 1994
Témata:
Tagy: Přidat tag
Žádné tagy, Buďte první, kdo otaguje tento záznam!
Thư viện lưu trữ: Trung tâm Học liệu Trường Đại học Cần Thơ
LEADER 00483nam a2200181Ia 4500
001 CTU_160550
008 210402s9999 xx 000 0 und d
082 |a 574.87 
082 |b S577 
245 0 |a Sigma cell culture : 
245 0 |b 1995 catalogue & price list 
260 |a Belgium 
260 |b Sigma Chemie 
260 |c 1994 
650 |a Cell culture 
650 |x Equipment and supplies,Catalogs 
904 |i Giang 
980 |a Trung tâm Học liệu Trường Đại học Cần Thơ